000 00567cam a22002053a 4500
001 41266
003 PGUSA
005 20140828083929.0
008 121102s2012||||xxu|||||s|||||000 | eng d
040 _aPGUSA
_beng
042 _adc
100 1 _aFiske, John,
_d1842-1901
245 1 4 _aThe American Revolution
_h[electronic resource] /
_cJohn Fiske
260 _bProject Gutenberg,
_c2012
506 _aPublic domain in the USA.
516 _aElectronic text
830 0 _aProject Gutenberg
_v41266
856 4 0 _uhttp://www.gutenberg.org/ebooks/41266
942 _cEB
999 _c270518
_d270518